Score 0/20 Timer 05:00
0 Plays Today
Question Answer Wrong Answers
To have no political or military experience Donald Trump
93.2%
James Garfield
1%
Rutherford B. Hayes
1.5%
Andrew Johnson
1%
To resign from office Richard Nixon
92.9%
Andrew Johnson
1.8%
William McKinley
0.9%
Lyndon B. Johnson
1.2%
To serve more than two terms as President Franklin D. Roosevelt
86.3%
George Washington
4.3%
Andrew Jackson
1.3%
Theodore Roosevelt
4.8%
To authorize the use of an atomic bomb Harry S. Truman
85.4%
Franklin D. Roosevelt
9.4%
Richard Nixon
1.2%
Ronald Reagan
0.9%
To serve non-consecutive terms as President Grover Cleveland
80.8%
John Quincy Adams
8.4%
Franklin D. Roosevelt
6.4%
George H. W. Bush
1.3%
To serve as a Supreme Court Justice William H. Taft
76.1%
Woodrow Wilson
7.3%
Calvin Coolidge
7.6%
Herbert Hoover
5.6%
To be born outside of the continental US Barack Obama
76%
George Washington
13.7%
John Adams
3.6%
James Madison
3.6%
To have founded an institution of higher learning (The University of Virginia) Thomas Jefferson
73.2%
James Monroe
5.7%
James Madison
11.8%
John Quincy Adams
6%
To never be elected President or Vice President Gerald Ford
72.1%
John Tyler
6.2%
Millard Fillmore
6.2%
Lyndon B. Johnson
12.2%
To serve as President of Princeton University Woodrow Wilson
63.8%
Calvin Coolidge
18.1%
Herbert Hoover
10.1%
Dwight D. Eisenhower
4.6%
To save over 50 lives as a lifeguard Ronald Reagan
63.2%
Jimmy Carter
11.4%
Dwight D. Eisenhower
11.2%
George W. Bush
10.7%
To never marry James Buchanan
61.2%
Thomas Jefferson
4.1%
Chester A. Arthur
18%
Warren G. Harding
13.5%
To win a Pulitzer Prize John F. Kennedy
57.9%
Harry S. Truman
12.3%
Jimmy Carter
20.3%
Ronald Reagan
6.1%
To have a non-US capital city named after him James Monroe
56.7%
James Madison
10.3%
Abraham Lincoln
14.6%
William McKinley
15%
To have a grandson elected President William H. Harrison
52.6%
John Adams
29.6%
Theodore Roosevelt
9.1%
George H. W. Bush
5.4%
To pay off the national debt Andrew Jackson
47.2%
James Madison
18.4%
Chester A. Arthur
10.2%
Theodore Roosevelt
20.9%
To be born on the Fourth of July Calvin Coolidge
44.9%
George Washington
8.6%
John Adams
19.5%
Thomas Jefferson
23.8%
To graduate from the US Naval Academy Jimmy Carter
41.1%
Dwight D. Eisenhower
32.6%
Gerald Ford
12.7%
George W. Bush
10.4%
To serve as a Speaker of the House James K. Polk
33.4%
Millard Fillmore
23.8%
Franklin Pierce
23.6%
James Buchanan
15.7%
To hold a patent Abraham Lincoln
27.7%
Zachary Taylor
15.8%
Thomas Jefferson
45.4%
Woodrow Wilson
7.7%
Remove Ads.
Support Sporcle.
Get the best of Sporcle when you Go Orange. This ad-free experience offers more features, more stats, and more fun while also helping to support Sporcle. Thank you for becoming a member.

You're not logged in!

Compare scores with friends on all Sporcle quizzes.
OR
Log In

Show Comments

Extras

Top Quizzes Today


Score Distribution

Your Account Isn't Verified!

In order to create a playlist on Sporcle, you need to verify the email address you used during registration. Go to your Sporcle Settings to finish the process.

Report this User

Report this user for behavior that violates our Community Guidelines.

Details: